[Event "RUS-ch Higher League (Women) 73rd"]
[Site "Novokuznetsk"]
[Date "2023.07.04"]
[Round "8"]
[White "Yurasova, Daria"]
[Black "Satanovskaia, Evgeniia"]
[Result "0-1"]
[WhiteElo "2081"]
[BlackElo "1925"]
[PlyCount "100"]
[EventDate "2023.06.26"]
[EventType "swiss"]
[EventRounds "9"]
[EventCountry "RUS"]
[SourceTitle "EXT 2024"]
[Source "ChessBase"]
[SourceDate "2023.10.10"]
[SourceVersion "1"]
[SourceVersionDate "2023.10.10"]
[SourceQuality "1"]

1. e4 e5 2. Nf3 Nc6 3. g3 Nf6 4. d3 d5 5. exd5 Nxd5 6. Bg2 Bd6 7. 0-0 0-0 8. Nbd2 Bg4 9. c3 Qd7 10. Re1 Rae8 11. Ne4 Nde7 12. b4 a6 13. a4 b5 14. axb5 axb5 15. Qc2 f6 16. Nfd2 Ra8 17. Rxa8 Rxa8 18. Nb3 Qf5 19. Na5 Ra6 20. Nxd6 cxd6 21. Nxc6 Nxc6 22. Qb3+ Kf8 23. Be3 Qd7 24. c4 Be6 25. Qc3 Ne7 26. f4 Qc7 27. fxe5 fxe5 28. Qc2 Kg8 29. Qf2 Qb8 30. Bg5 Ng6 31. c5 Ra2 32. Qf3 dxc5 33. bxc5 Qf8 34. Qxf8+ Kxf8 35. Rb1 h6 36. Be3 b4 37. c6 b3 38. c7 Rc2 39. d4 Ne7 40. dxe5 Rxc7 41. Be4 Rc4 42. Rf1+ Ke8 43. Bd3 Rc3 44. Bb5+ Bd7 45. Bxd7+ Kxd7 46. Bd4 Rd3 47. e6+ Kxe6 48. Bxg7 Nf5 49. Bh8 Nd4 50. Kf2 Rf3+ 0-1

[Event "Chigorin Memorial 29th"]
[Site "St Petersburg"]
[Date "2022.10.23"]
[Round "2"]
[White "Ismagilov, Damir"]
[Black "Satanovskaia, Evgeniia"]
[Result "1-0"]
[WhiteElo "2196"]
[BlackElo "1920"]
[PlyCount "71"]
[EventDate "2022.10.22"]
[EventType "swiss"]
[EventRounds "9"]
[EventCountry "RUS"]
[SourceTitle "EXT 2024"]
[Source "ChessBase"]
[SourceDate "2023.10.10"]
[SourceVersion "1"]
[SourceVersionDate "2023.10.10"]
[SourceQuality "1"]

1. d4 Nf6 2. c4 e6 3. Nc3 d5 4. Bg5 Be7 5. e3 h6 6. Bh4 0-0 7. Nf3 b6 8. Qc2 Bb7 9. Bxf6 Bxf6 10. cxd5 exd5 11. g4 c5 12. 0-0-0 cxd4 13. exd4 Qd7 14. Rg1 g6 15. Ne5 Qc7 16. f4 g5 17. Qf5 Bxe5 18. fxe5 Qc8 19. Qf2 f6 20. exf6 Nd7 21. Qc2 Rxf6 22. Bd3 Qc7 23. Bf5 Nf8 24. Rge1 Rd8 25. Re5 Kg7 26. Rde1 Rf7 27. h4 Bc8 28. hxg5 Bxf5 29. gxh6+ Kh8 30. Rxf5 Ng6 31. Ref1 Rdf8 32. Rxf7 Rxf7 33. Rxf7 Qxf7 34. Qf5 Qe8 35. Qf6+ Kh7 36. Qg7# 1-0

[Event "RUS-ch Higher League (Women) 72nd"]
[Site "Obninsk"]
[Date "2022.07.03"]
[Round "7"]
[White "Fominykh, Maria"]
[Black "Satanovskaia, Evgeniia"]
[Result "1-0"]
[WhiteElo "2219"]
[BlackElo "1837"]
[PlyCount "103"]
[EventDate "2022.06.26"]
[EventType "swiss"]
[EventRounds "9"]
[EventCountry "RUS"]
[SourceTitle "CBM 209 Extra"]
[Source "ChessBase"]
[SourceDate "2022.09.30"]
[SourceVersion "1"]
[SourceVersionDate "2022.09.30"]
[SourceQuality "1"]

1. d4 Nf6 2. c4 e6 3. Nc3 d5 4. cxd5 exd5 5. Bg5 Be7 6. e3 c6 7. Bd3 Nbd7 8. Qc2 Nh5 9. h4 h6 10. Bxe7 Qxe7 11. 0-0-0 Nb6 12. Nge2 Be6 13. Rde1 0-0-0 14. Kb1 g5 15. hxg5 hxg5 16. Nc1 Ng7 17. Nb3 f5 18. Nc5 Nd7 19. N3a4 Nxc5 20. Nxc5 Kb8 21. a3 Bc8 22. Ka2 Qf6 23. Qd1 Ne6 24. Nxe6 Bxe6 25. Qf3 Rxh1 26. Rxh1 c5 27. dxc5 d4+ 28. Ka1 dxe3 29. Qxe3 f4 30. Qe2 Bd5 31. f3 Qd4 32. Bb1 Bc6 33. Qe7 Rd5 34. Rh7 Rd7 35. Qxg5 Rxh7 36. Qg8+ Kc7 37. Qxh7+ Kb8 38. Qg8+ Kc7 39. Qf7+ Kd8 40. Qf8+ Kc7 41. Qe7+ Bd7 42. Be4 a5 43. Qd6+ Qxd6 44. cxd6+ Kxd6 45. Bxb7 Kc5 46. b3 Kd4 47. Kb2 Bb5 48. Bc8 Kd3 49. a4 Bc6 50. b4 axb4 51. Kb3 Ke2 52. a5 1-0

[Event "RUS-ch Higher League (Women) 72nd"]
[Site "Obninsk"]
[Date "2022.07.02"]
[Round "6"]
[White "Loskutova, Viktoriya"]
[Black "Satanovskaia, Evgeniia"]
[Result "0-1"]
[WhiteElo "2153"]
[BlackElo "1837"]
[PlyCount "82"]
[EventDate "2022.06.26"]
[EventType "swiss"]
[EventRounds "9"]
[EventCountry "RUS"]
[SourceTitle "CBM 209 Extra"]
[Source "ChessBase"]
[SourceDate "2022.09.30"]
[SourceVersion "1"]
[SourceVersionDate "2022.09.30"]
[SourceQuality "1"]

1. e4 e6 2. d4 d5 3. Nd2 c5 4. exd5 exd5 5. Ngf3 Nc6 6. Bb5 Qe7+ 7. Be2 Nf6 8. 0-0 Qc7 9. Re1 cxd4 10. Bb5+ Be7 11. Nxd4 0-0 12. N2f3 Nxd4 13. Nxd4 a6 14. Be2 Bd6 15. h3 Re8 16. Be3 Rxe3 17. fxe3 Bh2+ 18. Kf1 Bg3 19. Bf3 Bxe1 20. Qxe1 Qh2 21. Qf2 g5 22. Ke2 Qe5 23. Rf1 Be6 24. Kd1 Kg7 25. Be2 Ne4 26. Qf3 f6 27. Bd3 Nc5 28. Bf5 Bxf5 29. Nxf5+ Kh8 30. Nd4 Kg7 31. h4 Ne4 32. Qg4 Kh8 33. Qd7 Rg8 34. h5 Qg3 35. Ne2 Qxe3 36. Qxd5 Re8 37. Qd4 Nc3+ 38. bxc3 Qxe2+ 39. Kc1 Qxf1+ 40. Kb2 Qb5+ 41. Ka3 Qe5 0-1

[Event "RUS-ch Higher League (Women) 72nd"]
[Site "Obninsk"]
[Date "2022.06.29"]
[Round "4"]
[White "Potapova, Margarita"]
[Black "Satanovskaia, Evgeniia"]
[Result "1-0"]
[WhiteElo "2216"]
[BlackElo "1837"]
[PlyCount "171"]
[EventDate "2022.06.26"]
[EventType "swiss"]
[EventRounds "9"]
[EventCountry "RUS"]
[SourceTitle "CBM 209 Extra"]
[Source "ChessBase"]
[SourceDate "2022.09.30"]
[SourceVersion "1"]
[SourceVersionDate "2022.09.30"]
[SourceQuality "1"]

1. d4 Nf6 2. c4 e6 3. Nc3 d5 4. cxd5 exd5 5. Bg5 c6 6. e3 Be7 7. Bd3 Nbd7 8. Qc2 Nh5 9. Bxe7 Qxe7 10. Nge2 g6 11. g4 Ng7 12. 0-0-0 Nb6 13. h3 Bd7 14. Kb1 0-0-0 15. Nf4 Kb8 16. Be2 h5 17. Nd3 Nc4 18. Nc5 Bc8 19. Qb3 Nd6 20. a4 hxg4 21. hxg4 Ne6 22. Nd3 f6 23. Nb4 Ka8 24. a5 Bd7 25. a6 Rxh1 26. Rxh1 Ng5 27. Rc1 Bc8 28. Ka1 Ne6 29. Bd3 f5 30. gxf5 gxf5 31. Na4 Qe8 32. Qa2 Kb8 33. Qb3 Ka8 34. Qc2 Bd7 35. axb7+ Nxb7 36. Bxf5 Rc8 37. Nc3 Qf8 38. Bxe6 Bxe6 39. Nd3 c5 40. Nf4 Bf5 41. Qb3 cxd4 42. exd4 Qd6 43. Nfe2 Rc4 44. Rg1 Qa6+ 45. Qa3 Na5 46. Rg8+ Bc8 47. Ka2 Qe6 48. Rxc8+ Rxc8 49. Qxa5 Rf8 50. f4 Rf5 51. Qb5 Qc8 52. Ka1 a6 53. Qa5 Qc6 54. Na4 Ka7 55. Qc5+ Kb7 56. Qxc6+ Kxc6 57. Nac3 Rh5 58. Kb1 Rh2 59. Kc2 Kd6 60. Kd2 Rh3 61. Na4 a5 62. Nc5 Ke7 63. Nc3 Rh2+ 64. Kc1 Rf2 65. Nxd5+ Kf7 66. Nd3 Rf1+ 67. Kc2 Ke6 68. Ne3 Ra1 69. Kc3 Kd6 70. f5 a4 71. Kb4 Rg1 72. Kc3 Ra1 73. d5 Rh1 74. Nf2 Rb1 75. Nfg4 Kd7 76. f6 Rc1+ 77. Kb4 Rb1 78. Nc4 a3 79. Kxa3 Rd1 80. Nge5+ Ke8 81. d6 Kf8 82. Kb4 Rd5 83. Kc3 Ke8 84. b4 Kf8 85. d7 Kg8 86. b5 1-0

[Event "RUS-ch Higher League (Women) 72nd"]
[Site "Obninsk"]
[Date "2022.06.26"]
[Round "1"]
[White "Satanovskaia, Evgeniia"]
[Black "Afonasieva, Anna"]
[Result "1/2-1/2"]
[WhiteElo "1837"]
[BlackElo "2232"]
[PlyCount "156"]
[EventDate "2022.06.26"]
[EventType "swiss"]
[EventRounds "9"]
[EventCountry "RUS"]
[SourceTitle "CBM 209 Extra"]
[Source "ChessBase"]
[SourceDate "2022.09.30"]
[SourceVersion "1"]
[SourceVersionDate "2022.09.30"]
[SourceQuality "1"]

1. d4 Nf6 2. c4 g6 3. Nc3 d5 4. e3 Bg7 5. Qb3 c6 6. Nf3 0-0 7. Be2 b6 8. 0-0 Bb7 9. a4 Nbd7 10. cxd5 Nxd5 11. Nxd5 cxd5 12. a5 Rc8 13. Bd2 e5 14. dxe5 Nxe5 15. Nd4 Nc4 16. Rfd1 Re8 17. Bc3 Re7 18. Nf5 gxf5 19. Bxg7 Kxg7 20. Bxc4 bxa5 21. Bd3 Qb6 22. Qa4 Qxb2 23. Qh4 Qf6 24. Qh3 f4 25. exf4 h6 26. Bf5 Rce8 27. Rab1 Bc6 28. Qd3 d4 29. h3 Be4 30. Bxe4 Rxe4 31. g3 a4 32. Ra1 Kg8 33. Qb5 Qe6 34. Qh5 Qd6 35. Qg4+ Kh8 36. Qf5 Kg7 37. Qg4+ Kf8 38. Qf3 Qc6 39. Kg2 Qd7 40. Rd3 a6 41. Rda3 Qb5 42. Qd3 Re1 43. Qxd4 Qf1+ 44. Kf3 Kg8 45. Rxe1 Qxe1 46. Rxa4 Qf1 47. Kg4 Re6 48. f5 Re8 49. f6 Kh8 50. Qf4 Rg8+ 51. Kh4 Rg5 52. g4 a5 53. Rc4 Qg2 54. Rc8+ Kh7 55. Rc4 Qd5 56. Rd4 Qe5 57. Qxe5 Rxe5 58. f4 Re6 59. g5 hxg5+ 60. Kxg5 Re3 61. Rd7 Rxh3 62. Rxf7+ Kg8 63. Ra7 Kf8 64. Rxa5 Rg3+ 65. Kf5 Rb3 66. Ra7 Rb1 67. Ra6 Kf7 68. Ra7+ Kf8 69. Rd7 Ra1 70. Re7 Ra2 71. Kg4 Rg2+ 72. Kf3 Rg6 73. Rb7 Rxf6 74. Kg4 Ra6 75. f5 Kg8 76. Kg5 Kf8 77. Rc7 Rb6 78. Ra7 Rc6 1/2-1/2

[Event "Chigorin Memorial 28th"]
[Site "St Petersburg"]
[Date "2021.10.29"]
[Round "7"]
[White "Satanovskaia, Evgeniia"]
[Black "Letskiy, Maksim"]
[Result "1-0"]
[WhiteElo "1709"]
[BlackElo "1000"]
[PlyCount "85"]
[EventDate "2021.10.23"]
[EventType "swiss"]
[EventRounds "9"]
[EventCountry "RUS"]
[SourceTitle "EXT 2023"]
[Source "ChessBase"]
[SourceDate "2022.10.05"]
[SourceVersion "1"]
[SourceVersionDate "2022.10.05"]
[SourceQuality "1"]

1. d4 Nf6 2. Nf3 g6 3. Nbd2 Bg7 4. e4 d6 5. Bd3 0-0 6. 0-0 c5 7. c3 a6 8. b3 b5 9. Bb2 Bb7 10. Qe2 Nbd7 11. Rac1 Nh5 12. Qe3 e5 13. dxe5 Nxe5 14. Nxe5 dxe5 15. Rfd1 Qc7 16. g3 Qc6 17. Be2 f5 18. Bf3 f4 19. Qe2 fxg3 20. fxg3 Nf6 21. c4 b4 22. Bxe5 Qe6 23. Bf4 Rfe8 24. e5 Bxf3 25. Nxf3 h6 26. Qc2 Nd7 27. Rd6 Qg4 28. Qd3 Nf8 29. Kg2 g5 30. h3 Qc8 31. Qd5+ Kh8 32. Be3 g4 33. hxg4 Qxg4 34. Bxh6 Bxe5 35. Nxe5 Qe2+ 36. Kg1 Qxe5 37. Bf4 Qxd5 38. cxd5 Re2 39. Rxc5 Rxa2 40. Be5+ Kg8 41. Rc7 Re2 42. Rg7+ Kh8 43. Rh6+ 1-0

[Event "EU-ch Hybrid U12 Girls"]
[Site "Tornelo INT"]
[Date "2021.10.15"]
[Round "8"]
[White "Efimova, Darya"]
[Black "Satanovskaia, Evgeniia"]
[Result "1/2-1/2"]
[WhiteElo "1450"]
[BlackElo "1709"]
[PlyCount "96"]
[EventDate "2021.10.15"]
[EventType "swiss"]
[EventRounds "9"]
[EventCountry "NET"]
[SourceTitle "EXT 2023"]
[Source "ChessBase"]
[SourceDate "2022.10.05"]
[SourceVersion "1"]
[SourceVersionDate "2022.10.05"]
[SourceQuality "1"]
[WhiteTeam "Russia"]
[BlackTeam "Russia"]
[WhiteTeamCountry "RUS"]
[BlackTeamCountry "RUS"]

1. e4 e5 2. Nf3 Nf6 3. Nxe5 d6 4. Nf3 Nxe4 5. Nc3 Nxc3 6. dxc3 Be7 7. Be3 Nd7 8. Qd2 0-0 9. 0-0-0 Nf6 10. Bd3 c6 11. h3 Be6 12. a3 Bd5 13. Rhg1 Ne4 14. Qe2 f5 15. c4 Bf7 16. Nd4 Qc8 17. g4 Re8 18. f3 Nc5 19. Nxf5 Bg5 20. Qd2 Nxd3+ 21. Qxd3 Bxe3+ 22. Nxe3 Qc7 23. Nf5 d5 24. Qc3 Qe5 25. Qxe5 Rxe5 26. cxd5 Bxd5 27. Rge1 Rxe1 28. Rxe1 Kf8 29. f4 g6 30. Ne3 Re8 31. Kd2 Bf7 32. Ke2 Re4 33. f5 gxf5 34. gxf5 Rh4 35. Rh1 Ke7 36. Kf2 h5 37. Kg3 Rd4 38. Rd1 h4+ 39. Kf2 Rf4+ 40. Kg2 Bh5 41. Rf1 Re4 42. Re1 Kf7 43. Kf2 Rf4+ 44. Kg2 Rd4 45. Rf1 Re4 46. Re1 Rd4 47. Rf1 Re4 48. Re1 Rd4 1/2-1/2

[Event "Wch FIDE Online U12 Girls Europe qual"]
[Site "Tornelo INT"]
[Date "2020.12.09"]
[Round "6"]
[White "Satanovskaia, Evgeniia"]
[Black "Guid, Taja"]
[Result "1-0"]
[WhiteElo "1508"]
[BlackElo "1402"]
[PlyCount "129"]
[EventDate "2020.12.07"]
[EventType "swiss (rapid)"]
[EventRounds "7"]
[EventCountry "ISS"]
[SourceTitle "EXT 2022"]
[Source "ChessBase"]
[SourceDate "2021.10.06"]
[SourceVersion "1"]
[SourceVersionDate "2021.10.06"]
[SourceQuality "1"]

1. d4 d5 2. c4 c6 3. e3 e6 4. Nc3 Bd6 5. Nf3 f5 6. Qc2 Nf6 7. Ne5 0-0 8. Be2 Nbd7 9. f4 Ne4 10. Nxe4 fxe4 11. 0-0 Nxe5 12. fxe5 Be7 13. Bd2 Bd7 14. a3 Qe8 15. Bb4 Bxb4 16. axb4 Qe7 17. Qd2 Qg5 18. Rxf8+ Kxf8 19. b5 Kg8 20. g3 dxc4 21. bxc6 Bxc6 22. Bxc4 Bd5 23. Bxd5 exd5 24. Rc1 Qd8 25. Qc3 h6 26. Qc5 Qg5 27. Re1 Qd8 28. Rc1 Kh7 29. Qc7 Qxc7 30. Rxc7 Rb8 31. Rd7 Rc8 32. Rxb7 Rc1+ 33. Kg2 Rc2+ 34. Kf1 Rc1+ 35. Ke2 Rc2+ 36. Kd1 Rxh2 37. e6 Kg6 38. Rb5 Kf6 39. Rxd5 Kxe6 40. Re5+ Kf6 41. Rxe4 Rg2 42. Rg4 h5 43. Rh4 Rxg3 44. Kd2 Rg2+ 45. Kc3 g6 46. d5 Rg3 47. Kd3 Ke5 48. Rd4 Rg4 49. e4 h4 50. d6 Rf4 51. d7 Rf8 52. d8Q Rxd8 53. Rxd8 Kf4 54. Rf8+ Kg3 55. e5 h3 56. Rh8 h2 57. e6 Kg2 58. e7 h1Q 59. Rxh1 Kxh1 60. e8Q g5 61. Qg6 g4 62. Qxg4 a5 63. Ke2 a4 64. Kf2 a3 65. Qh3# 1-0

[Event "Wch FIDE Online U12 Girls Europe qual"]
[Site "Tornelo INT"]
[Date "2020.12.08"]
[Round "3"]
[White "Arora, Tashika"]
[Black "Satanovskaia, Evgeniia"]
[Result "0-1"]
[WhiteElo "1413"]
[BlackElo "1508"]
[PlyCount "100"]
[EventDate "2020.12.07"]
[EventType "swiss (rapid)"]
[EventRounds "7"]
[EventCountry "ISS"]
[SourceTitle "EXT 2022"]
[Source "ChessBase"]
[SourceDate "2021.10.06"]
[SourceVersion "1"]
[SourceVersionDate "2021.10.06"]
[SourceQuality "1"]

1. d4 Nf6 2. c4 e6 3. g3 d5 4. Bg2 dxc4 5. Nf3 Nc6 6. 0-0 Be7 7. Qa4 0-0 8. Qxc4 Rb8 9. Bf4 Bd6 10. Bxd6 cxd6 11. Nc3 Bd7 12. Rfd1 d5 13. Qb3 Na5 14. Qc2 Nc4 15. e4 dxe4 16. Nxe4 Nxe4 17. Qxc4 Bc6 18. Ne5 Nd6 19. Nxc6 Nxc4 20. Nxd8 Rfxd8 21. b3 Nb6 22. Rac1 Rd7 23. Rc2 Kf8 24. f4 Rbd8 25. Rcd2 Ke7 26. Kf2 a5 27. Ke3 Rc8 28. Kd3 Rdc7 29. Ke2 Nd5 30. Re1 Kd6 31. Kf2 Rc2 32. Ree2 Rxd2 33. Rxd2 b6 34. Bh3 Rc1 35. f5 Nc3 36. Kf3 exf5 37. Bxf5 Rf1+ 38. Kg4 h5+ 39. Kg5 g6 40. Bd3 Rf3 41. Bc2 Ke7 42. Rd3 Rxd3 43. Bxd3 Nxa2 44. Bc4 Nc3 45. d5 b5 46. Bd3 Kd6 47. Kf6 Kxd5 48. Kxf7 g5 49. Kg6 Kd4 50. Bc2 h4 0-1

[Event "Wch U10 Girls blitz"]
[Site "Minsk"]
[Date "2018.06.24"]
[Round "5"]
[White "Satanovskaia, Evgeniia"]
[Black "Nguyen, Thuy Linh"]
[Result "1-0"]
[WhiteElo "1455"]
[BlackElo "1279"]
[PlyCount "143"]
[EventDate "2018.06.24"]
[EventType "swiss (blitz)"]
[EventRounds "9"]
[EventCountry "BLR"]
[SourceTitle "EXT 2019"]
[Source "ChessBase"]
[SourceDate "2018.10.10"]
[SourceVersion "1"]
[SourceVersionDate "2018.10.10"]
[SourceQuality "1"]

1. d4 Nf6 2. c4 g6 3. Nc3 Bg7 4. e4 d6 5. Nf3 0-0 6. Be2 e5 7. 0-0 Nc6 8. d5 Ne7 9. b4 Ne8 10. Bb2 f5 11. c5 Rf7 12. Ng5 Rf8 13. Nf3 f4 14. h3 Bf6 15. Nd2 g5 16. Bg4 Bxg4 17. Qxg4 Qc8 18. Qxc8 Rxc8 19. Nf3 h5 20. Rac1 g4 21. hxg4 hxg4 22. Nd2 g3 23. fxg3 fxg3 24. Rf3 Bh4 25. Rcf1 Rxf3 26. Nxf3 Bf6 27. Rc1 Ng6 28. Ne2 Nf4 29. Nxf4 exf4 30. Bxf6 Nxf6 31. cxd6 Nxe4 32. d7 Rd8 33. Rxc7 Nf6 34. Rc8 Nxd7 35. Rxd8+ Nf8 36. Rb8 b6 37. Ra8 a5 38. bxa5 bxa5 39. Rxa5 Nd7 40. d6 Kf7 41. Rb5 Ke6 42. a4 Kxd6 43. a5 Kc6 44. Rb1 Kc7 45. a6 Nb6 46. Nd4 Na8 47. Ne6+ Kd6 48. Nxf4 Kc7 49. Ne2 Kd6 50. Nxg3 Kc6 51. Ne4 Kd5 52. Nf6+ Ke6 53. Ne4 Ke5 54. Nc3 Kd4 55. Ne2+ Ke3 56. Kf1 Nc7 57. a7 Na8 58. Rb8 Nc7 59. a8Q Nxa8 60. Rxa8 Kd3 61. Re8 Kc4 62. g4 Kd5 63. g5 Kd6 64. g6 Kd7 65. Re3 Kd6 66. g7 Kd5 67. g8Q+ Kd6 68. Qd8+ Kc6 69. Rc3+ Kb5 70. Qb8+ Ka4 71. Kf2 Ka5 72. Ra3# 1-0

[Event "Wch U10 Girls rapid"]
[Site "Minsk"]
[Date "2018.06.23"]
[Round "6"]
[White "Darmaeva, Nomina"]
[Black "Satanovskaia, Evgeniia"]
[Result "0-1"]
[WhiteElo "1388"]
[BlackElo "1384"]
[PlyCount "59"]
[EventDate "2018.06.22"]
[EventType "swiss (rapid)"]
[EventRounds "9"]
[EventCountry "BLR"]
[SourceTitle "EXT 2019"]
[Source "ChessBase"]
[SourceDate "2018.10.10"]
[SourceVersion "1"]
[SourceVersionDate "2018.10.10"]
[SourceQuality "1"]

1. e4 e5 2. Nf3 Nc6 3. d4 exd4 4. Bc4 Be7 5. c3 dxc3 6. Qd5 Nh6 7. Bxh6 0-0 8. Bxg7 Kxg7 9. Nxc3 d6 10. Qh5 Bf6 11. 0-0 Ne5 12. Nxe5 Bxe5 13. f4 Bd4+ 14. Kh1 Bxc3 15. bxc3 Qf6 16. Rf3 Kh8 17. f5 Bd7 18. Raf1 Be8 19. Bd3 Rg8 20. Rh3 Rg7 21. Qf3 Bc6 22. Qe2 Rag8 23. Rg1 Re8 24. Re3 Re7 25. c4 Re8 26. Qf2 Re5 27. g4 h6 28. Qd2 Qg5 29. Qf2 Qf6 30. Qf4 0-1